00456 2200181 4500001002100000005001500021035002000036245004100056100001700097250001700114300003200131260003500163082001000198084001600208020002200224650001200246500001600258INLIS00000000000050620240811075332 a0010-08240000241 aGadis kembang krokus /cFitria Nelfi0 aFitria Nelfi aCetakan ke-1 aiv, 68 hlm :bilus ;c21 cm aJakarta :bGaneca Exact,c2007 a398.2 a398.2 FIT g a978-979-571-418-7 4aDongeng aSeri Sastra